| 000 | 00621nam a22001937a 4500 | ||
|---|---|---|---|
| 005 | 20131220145354.0 | ||
| 010 | _aENG-103612 | ||
| 020 |
_a9789381385340 _c650.00 |
||
| 035 | _aEN-87145 | ||
| 037 | _bDBAD/PUB | ||
| 082 | _a306.0954 | ||
| 245 |
_aIndian culture and heritage / _cedited by Veena Garg |
||
| 260 |
_aDelhi _bAncient Publishing House _c2011 |
||
| 270 |
_aV-75, Street No. 15-A, Vijay Park, Near C-11, Shiv Sadhana Mandir, Yamuna Vihar _bDelhi _e110053 |
||
| 300 |
_avi,288p. _c22cm (Hb) |
||
| 500 | _aIncludes index | ||
| 700 |
_934258 _aGarg, Veena |
||
| 942 |
_2ddc _cEN _h306.0954 _mIND |
||
| 999 |
_c56278 _d56278 |
||